LEADER 01760nam a2200361 u 4500 001 000000063563 003 CaOOAMICUS 005 20070226121247.0 008 011030q1950 gw u000 u ger u 020 $a3406042155 035 $a10908335 040 $aPUL(R)$bita 100 1 $aSchweitzer, Albert,$d1875-1965.$0(OLS)http://pul/name/25642 240 10$aOpere$9(Schweitzer, Albert, 1875-1965).$lTedesco.$0(OLS)http://pul/title/84745 245 10$aGesammelte Werke in fünf Bänden /$cAlbert Schweitzer. 260 $aMÜnchen :$bBeck,$c[1950?] 300 $a5 v. ;$c20 cm 500 $aContiene indici. 850 $aPUL 852 $aPUL$W1$xSL Religione 1$y3$m75 I 27-31$j82481$nBK-PRI$b $qStampati$B82481$CPULBib$Z2$F82481 $H $81 852 $aPUL$W1$xSL Religione 1$y3$m75 I 27-31$j82481$nBK-PRI$b $qStampati$B82482$CPULBib$Z2$F82482 $H $81 852 $aPUL$W1$xSL Religione 1$y3$m75 I 27-31$j82481$nBK-PRI$b $qStampati$B82483$CPULBib$Z2$F82483 $H $81 852 $aPUL$W1$xSL Religione 1$y3$m75 I 27-31$j82481$nBK-PRI$b $qStampati$B82484$CPULBib$Z2$F82484 $H $81 852 $aPUL$W1$xSL Religione 1$y3$m75 I 27-31$j82481$nBK-PRI$b $qStampati$B82485$CPULBib$Z2$F82485 $H $81 941 1 $a8 961 $aINV: 41001-41005 961 $aINV: 41001-41005 961 $aINV: 41001-41005 961 $aINV: 41001-41005 961 $aINV: 41001-41005 996 $6020$a3406042155$9(OLS)http://pul/number/82485 996 $6245$aGesammelte Werke in fünf Bänden$9(OLS)http://pul/title/84746 996 $6260$aMÜnchen :$bBeck$9(OLS)http://pul/publisher/70661 LEADER 01194nam a2200277 u 4500 001 000000079440 003 CaOOAMICUS 005 20070226123535.0 008 040603s2003 enk u000 u eng u 020 $a0567089029 035 $a10997731 040 $aPUL$bita 100 1 $aBarrett, C. K.$q(Charles Kingsley),$d1917-$0(OLS)http://pul/name/12018 245 10$aOn Paul :$baspects of his life, work and influence in Early Church /$cC. K. Barrett. 260 $aLondon-New York :$bT&T Clark,$c2003. 300 $axii, 250 p. ;$c22 cm 500 $aContiene indici. 504 $aBibliografia in nota 600 04$aPaulus,$cs., apostolo.$0(OLS)http://pul/subject/417 650 4$aChiesa$xStoria$yChiesa primitiva, ca. 30-600.$0(OLS)http://pul/subject/93 850 $aPUL 852 $aPUL$W1$xSL Religione 3$y85$m225. 9 BARCH 1$j120224$nBK-PRI$qDDC 21$B101650$CPULBib$Z2$F101650 $H94321 $82 941 1 $a9 996 $6020$a0567089029$9(OLS)http://pul/number/104441 996 $6245$aOn Paul :$baspects of his life, work and influence in Early Church$9(OLS)http://pul/title/104030 996 $6260$aLondon-New York :$bT&T Clark$9(OLS)http://pul/publisher/75639